=LDR 00000nam 2200000 4500 =001 INLIS000000000044543 =005 20131008110109 =008 ***********************************Ind** =035 ##$$0010-101300000002465 =041 ##$$a Ind =082 ##$$a F =090 ##$$a F , Mah c =100 ##$$a Mahieu, Vincent =245 ##$$a Cuk =260 ##$$a 1976 $b Jakarta =850 ##$$a NBPNMAT =990 ##$$a 0001/BPAP-NTB/2016 =990 ##$$a 0001/BPAP-NTB/2016 =990 ##$$a 0001/BPAP-NTB/2016 =990 ##$$a 0001/BPAP-NTB/2016